000 00458pab a2200157 454500
008 180718b2005 xxu||||| |||| 00| 0 eng d
100 _aZimmerman, Brigitte
245 _aOrphan living situations in Malawi: a comparison of orphanages and foster homes
260 _c2005
300 _ap.881-917.
362 _aNov
650 _aResidential child care - Malawi
650 _aResidential child care
773 _aReview of Policy Research
909 _a68652
999 _c68652
_d68652